| 000 | 00743nam a2200217 i 4500 | ||
|---|---|---|---|
| 001 | 187410 | ||
| 003 | SpMaBN | ||
| 005 | 20230906222920.0 | ||
| 008 | 170630s1993 sp ac |||| |dspa d | ||
| 080 | _a75 Hernández Quero, José (064.3) | ||
| 100 | 1 |
_aHernández Quero, José. _963030 |
|
| 245 | 1 | 0 |
_aHernández Quero _b: [Echeberría, Galería de arte, 8 al 25 septiembre 1993]. |
| 260 |
_a[Granada : _bBanco de Granada, _c1993] |
||
| 300 |
_a[58] p. : _bil. col., 1 retr. ; _c27 cm. |
||
| 504 | _aBibliografía: p. [53-56] | ||
| 600 | 1 | 7 |
_aHernández Quero, José- _vExposiciones. _963031 |
| 655 | 7 |
_2tgfbne _9193628 _aCatálogos de exposiciones |
|
| 852 |
_aES-MaACL _jL-31751 |
||
| 942 | _2udc | ||
| 999 |
_c187410 _d187410 |
||